000 00270nam a22001097a 4500
020 _a9788184114515
082 _a631.587
_bSAX/AG
100 _aSaxena, Sandeep
245 _aAgriculture and water management
260 _aNew Delhi
_bSonali publications
_c2012
942 _cBK
999 _c13989
_d13989